000 01027nam a2200325Ka 4500
001 76064
003 BD-RjUL
005 20211209082801.0
008 000424s1967 mau b 001 0 eng d
035 _aMITb10931031
035 _a(BD-RjUL)76284
040 _aMYG
_cMYG
_beng
041 _aeng
049 _aMYGG
082 _223
_a658.8
_bALI 1967
100 1 _aAlexander, Ralph S.
_q(Ralph Samuel),
_d1893-1985.
_9233874
245 1 0 _aIndustrial marketing /
_cby Ralph S. Alexander,James S. Cross and Richard M. Hill
250 _a3rd. ed.
260 _aBoston :
_bRichard D. Irwin.,
_cc1967.
300 _axi , 698 p. :
_bill. ;
_c23
504 _aIncludes bibliographical referencesand index.
650 0 _a Industrial marketing
_vManagement.
_9233875
650 0 _aMarketing
_vManagement.
_9233876
700 1 _aCross, James S.
_q(Frank Macy),
_d1882-1965.
_9233886
700 1 _a Hill, Richard M.
_9233887
910 _aOCLCTechPro DDC Recon
942 _2ddc
_cBK
946 _at
949 _ac
_p39080021972705
999 _c76064
_d76064